000 00715nam a22002297i 4500
001 5655
003 OSt
005 20170825133349.0
007 tu
008 161220s2003 xxu|||||||||||00||0|eng|d
020 _a1-58906-283-3
024 7 _a5655
_2RID
024 7 _a5655
_2RSN (alt)
040 _cOSt
245 0 0 _aWorld Economic Outlook September 2003
_bPublic Debt in Emerging Markets
260 _aWashington,
_c2003.
300 _a254 S. ;
_c30cm.
490 _aWorld Economic and Financial Surveys
_vSept. 2003
110 2 _aInternational Monetary Fund (IMF)
942 _cB
999 _c5435
_d5435